| 000 | 01146nam a2200253 a 4500 | ||
|---|---|---|---|
| 001 | 57091 | ||
| 003 | BD-RjUL | ||
| 005 | 20211209080452.0 | ||
| 008 | 161205s1994 bg ||||| |||| 00| 0 ben d | ||
| 020 |
_c: TK 270.00 _a984069 (v-10) |
||
| 020 |
_c: TK 250.00 _a9840601261 (v-9) |
||
| 035 | _a(BD-RjUL)57215 | ||
| 040 |
_aBD-RjUL _bben _cBD-RjUL |
||
| 041 | _aben | ||
| 082 |
_223 _a297.12541 _bALB 1994 |
||
| 100 |
_aআল-জুফী(রহ), আবূ আবদুল্লাহ মুহাম্মাদ ইবন ইসমাইল আল-বুখারী _9169589 |
||
| 245 | 1 | 0 |
_aবুখারী শরীফ / _cআবূ আবদুল্লাহ মুহাম্মাদ ইবন ইসমাইল আল-বুখারী আল-জুফী(রহ) |
| 260 |
_aঢাকা : _bইসলামিক ফাউন্ডেশন, _c১৯৯৪ |
||
| 300 |
_a খণ্ড. ; _c২৬ সেমি. |
||
| 505 | 0 | _aখণ্ড ৯ -- খণ্ড ১০ -- | |
| 650 |
_aহাদীস (বুখারী শরীফ) _9169590 |
||
| 650 |
_aHadidth (Bukhari Shorife) _9157156 |
||
| 942 |
_2ddc _cBK |
||
| 999 |
_c57091 _d57091 |
||